00935 2200289 4500001002100000005001500021035002000036007000300056008004100059020001800100082001100118084001700129100003000146245007100176250002000247300003800267700003000305520014800335264003600483336002100519337002100540338003200561650001000593651001200603651001400615990001600629INLIS00000000000018120260417101640 a0010-0426000180ta260417 g 0 dut  a9789797568214 a439.31 a439.31 SUG k0 aSugeng RiyantoePengarang1 aKamus praktis Belanda- Indonesia /cSugeng Riyanto, Dini Saraswati aCetakan pertama a606 Halaman :bIlustrasi ;c23 cm0 aDini SaraswatiePengarang aKamus praktis Belanda-Indonesia yang populer mencakup kosakata sehari-hari, tata bahasa dasar, dan frasa penting, seringkali dalam bentuk saku. aYogyakarta :bGraha Ilmu,c2012 2rdacontentaTeks 2rdamediaaVolume 2rdacarrieraTanpa perantara 4aKamus 4aBelanda 4aIndonesia aWB000280/19